000 00375nam a2200133Ia 4500
005 20260328104340.0
008 260328s9999||||xx |||||||||||||| ||und||
100 _aMiani, Alberto
245 0 _aL.C .BOG.Le Corbusier en Bogotá 1947-1951 /
_cAlberto Miani
260 _bConsejo Profesional Nacional de Arquitectura
300 _a102 p.
650 _aARQUITECTOS
942 _cBK
999 _c12047
_d12047